000
00289nam a22001337a 4500
020
_a
0-7214-1221-1
082
_a
823
_b
GRO/B
100
_a
GROVES, PAUL
245
_a
BANGERS & MASH EGG IS EGGS
250
_a
1
260
_a
UK
_b
LADY BIRD
650
_a
ENGLISH SHORT STORY
_z
UK
942
_c
BK
999
_c
2087
_d
2087